000 01202nam a2200313 a 4500
001 000109335
003 CHAP
005 20220329144047.0
008 140422s2013 mx a |sm |||||||spa|d
010 _a105797
011 _a106769
040 _cCHAP
090 _aTesis
100 1 _aRojas Pérez, Karina Georgina
_9126496
245 1 0 _aEstudio de factibilidad técnico-económica para el establecimiento de una planta productora de cerveza artesanal en el municipio de Texcoco, Estado de México.
_h[En línea]
_cpor Karina Georgina Rojas Pérez.
260 _aChapingo, Méx. :
_bEl autor,
_c2013.
500 _aPara ver el contenido del material haga clic en la liga
502 _aTesis (Ing. Agroindustrial ) -- UACH. Departamento de Ingeniería Agroindustrial
590 _aBATCH-UPD
_b05
_c20141002
_lUCH01
_h0901
590 _aE792CSJ
_b05
_c20140422
_lUCH01
_h0854
590 _aE792CSJ
_b05
_c20140422
_lUCH01
_h0854
650 1 4 _aCerveza artesanal
_xIndustria.
_9126157
650 1 4 _aCerveza
_xMercadeo.
_921643
650 1 4 _aIndustria cervecera.
_957799
856 _aFinding aid
_uhttp://10.13.5.2/tesis/sist109335.pdf
_zTeclea aquí
901 _aBK
942 _cTESIS
942 _n0
999 _c105797
_d105797